Writing as citizens of a diverse world / (Record no. 53757)
[ view plain ]
| 000 -LEADER | |
|---|---|
| fixed length control field | 00499nam a22001457a 4500 |
| 008 - FIXED-LENGTH DATA ELEMENTS--GENERAL INFORMATION | |
| fixed length control field | 181101b xxu||||| |||| 00| 0 eng d |
| 020 ## - INTERNATIONAL STANDARD BOOK NUMBER | |
| International Standard Book Number | 9780738019895 |
| 050 ## - LIBRARY OF CONGRESS CALL NUMBER | |
| Classification number | PE1404 |
| Item number | .W69 2007 |
| 245 ## - TITLE STATEMENT | |
| Title | Writing as citizens of a diverse world / |
| Statement of responsibility, etc | |ccompiled by the Department of English, Miami University, Oxford, Ohio |
| 250 ## - EDITION STATEMENT | |
| Edition statement | 3rd ed. |
| 260 ## - PUBLICATION, DISTRIBUTION, ETC. (IMPRINT) | |
| Place of publication, distribution, etc | Plymouth: |
| Name of publisher, distributor, etc | Hyden McNeil; |
| Date of publication, distribution, etc | 2007 |
| 300 ## - PHYSICAL DESCRIPTION | |
| Extent | x, 272 p. ; |
| Dimensions | 26 cm |
| 650 ## - SUBJECT ADDED ENTRY--TOPICAL TERM | |
| Topical term or geographic name as entry element | English language |
| General subdivision | Rhetoric,Study and teaching |
| 942 ## - ADDED ENTRY ELEMENTS (KOHA) | |
| Source of classification or shelving scheme | Library of Congress Classification |
| Item type | Book |
| Withdrawn status | Lost status | Source of classification or shelving scheme | Damaged status | Not for loan | Collection code | Home library | Current library | Shelving location | Date acquired | Source of acquisition | Cost, normal purchase price | Full call number | Barcode | Date last seen | Copy number | Price effective from | Koha item type |
|---|---|---|---|---|---|---|---|---|---|---|---|---|---|---|---|---|---|
| Library of Congress Classification | Non-fiction | Nairobi Campus | Nairobi Campus | General Circulation | 01/11/2018 | donation-BFA | 2381.00 | PE1404 .W69 2007 | 060597 | 01/11/2018 | 1 | 01/11/2018 | Book |